Most Streamed Folk Artists On Spotify - Statistics

General Stats
  • This quiz has been taken 32 times
  • The average score is 4 of 16
Answer Stats
# Artist Streams % Correct
6 Bob Dylan 4.3B
76%
2 Noah Kahan 6.5B
52%
1 The Lumineers 7.6B
52%
7 Bon Iver 4.2B
40%
9 Simon & Garfunkel 3.9B
40%
3 Mumford & Sons 6.2B
36%
5 Passenger 4.5B
20%
16 Cat Stevens 2.6B
16%
4 George Ezra 5.3B
16%
11 Of Monsters and Men 3.0B
16%
8 Lord Huron 4.1B
4%
12 Sufjan Stevens 2.9B
4%
15 Anavitória 2.6B
0%
14 Kevin Kaarl 2.9B
0%
13 Natalia Lafourcade 2.9B
0%
10 Van Morrison 3.8B
0%
No matching quizzes found
Score Distribution
Percent of People with Each Score
Percentile by Number Answered
Your Score History
You have not taken this quiz